| 000 | 00718nam a22002057a 4500 | ||
|---|---|---|---|
| 003 | NUST-PNEC | ||
| 005 | 20170114142528.0 | ||
| 008 | 140507b xxu||||| |||| 00| 0 eng d | ||
| 020 | _a8126513683 | ||
| 040 | _cPNEC | ||
| 082 | _a005.84 SCH | ||
| 100 |
_9122 _aSchneier, Bruice |
||
| 245 |
_aApplied Cryptography _bProtocols, Algorithms, and Source Code in C _cBruice Schneir |
||
| 250 | _a2nd ed. | ||
| 260 |
_aNew Delhi _bJohn Wiley _cc.2006 |
||
| 300 |
_axxiii, 758 p. : _bill. : _c24 cm. |
||
| 500 | _aIncludes index. http://www.amazon.com/Applied-Cryptography-Protocols-Algorithms-Source/dp/8126513683/ref=sr_1_1?s=books&ie=UTF8&qid=1399464174&sr=1-1&keywords=9788126513680 | ||
| 650 | _xMIS | ||
| 942 |
_2ddc _cBK |
||
| 999 |
_c60085 _d60085 |
||